000 00834nab a2200253 u 4500
001 19278
003 HDC
007 cr bn ---aaaaa
008 210228c20121016xx dr|noo 0 a eng d
040 _aHDC
245 0 _aPM says Thailand set to boost Halal food industry with Kuwait
260 _a[No place] :
_b[publisher not identified],
_c2012
300 _a1 online resource
336 _atext
_2rdacontent
337 _acomputer
_2rdamedia
338 _aonline resource
_2rdacarrier
650 _aHalal food industry
_9128
650 _atrade relations
_917749
710 _aHalal Focus
856 _zRequest full-text at [email protected]
942 _2lcc
942 _cNEWS
942 _kNWSO 006199
999 _c16594
_d16594